000 00316nam a22001337a 4500
008 181205b xxu||||| |||| 00| 0 eng d
020 _a9780130183491
041 _aeng
080 _a330
100 _a55
101 _aECO
245 _aIntroduction Intenational Poltitical Economy
_cDavid,N.B
942 _2udc
_cBK
999 _c52880
_d52880